| 000 | 01546nam a2200325 c 4500 | ||
|---|---|---|---|
| 003 | BLK | ||
| 005 | 20190822094516.0 | ||
| 008 | 180410b bul|||||r ||||||| ||bul|| | ||
| 010 | _aKNG00158677000 | ||
| 040 | _aBLK | ||
| 041 |
_aBUL _cBUL |
||
| 080 |
_aАнглийска литература _b821.111 _x-31 _z821.111-31 |
||
| 100 | 1 |
_aДаръл, Джералд _eпърви автор _9252585 |
|
| 700 | 1 |
_aГанев, Владимир Цонев _eпрев. от англ. _9366132 |
|
| 700 | 1 |
_aАлексов, Александър Георгиев _eхудож. _9378024 |
|
| 700 | 1 |
_aСлавчев, Светослав _eпредг. от _9370044 |
|
| 139 |
_aДаръл, Джералд _bД 23 |
||
| 245 | 1 | 0 |
_aПтици, животни и роднини _bРоман за юноши _cДжералд Даръл; прев. от англ. Владимир Цонев Ганев; худож. Александър Георгиев Алексов; предг. от Светослав Славчев. |
| 257 | _aGBR | ||
| 260 |
_аСофия _bЗемиздат _c1986 |
||
| 300 |
_a224 с. _bс ил. _c20 см |
||
| 380 | _aX | ||
| 490 | 1 | _aБиблиотека Екологичен свят | |
| 500 | _aОриг. загл. Birds, beasts and relatives / Gerald Durrell. - В кн. означено 2. изд. - 34 612 тир. | ||
| 852 | _aЦб 140860 | ||
| 856 | 4 |
_qpdf _u |
|
| 856 | 4 |
_qpdf _u |
|
| 942 |
_cKNG _n0 _04 |
||
| 944 |
_aCR _c26.03.2014 _l26.03.2014 - от С1,Р / 26.03.2014 _kГеновева_Генчева |
||
| 944 |
_aED _c26.03.2014 _l26.03.2014 - от С1,Р / 26.03.2014 _k |
||
| 999 |
_c152230 _d152230 |
||